| 000 | 03800ngm a22004815a 4500 | ||
|---|---|---|---|
| 005 | 20171011114659.0 | ||
| 007 | vd mvaizu | ||
| 008 | 161105s200? ua 108 g vzara da d | ||
| 040 |
_aEG-ScBUE _cara _dEG-ScBUE |
||
| 082 | 0 | 4 |
_a791.4372 _bس و ا _222 |
| 245 | 0 | 0 |
_aسواق الأتوبيس _h[تسجيل مرئي] / _cإنتاج هاديراما للإنتاج والتوزيع والأفلام ؛ قصة محمد خان، بشير الديك ؛ سيناريو وحوار بشير الديك ؛ إخراج عاطف الطيب. |
| 260 |
_aالقاهرة : _bالسبكي فيلم للإنتاج السينمائي، _c[200?] |
||
| 300 |
_a1 قرص مرئي (108 دق.) : _bنا.، لو. ؛ _c4 3/4 بو. |
||
| 500 | _aسواق الأتوبيس فيلم مصري من إنتاج عام 1982. | ||
| 508 | _aقصة، محمد خان، بشير الديك ؛ سيناريو وحوار، بشير الديك ؛ إخراج، عاطف الطيب ؛ مدير التصوير، سعيد الشيمي ؛ مونتاج، نادية شكري ؛ مدير الإنتاج، فتحي يسري ؛ المنتج الفني، صبحي إمام ؛ الموسيقى التصويرية، كمال بكير ؛ مهندس الصوت، مجدي كامل. | ||
| 511 | _a نور الشريف، عماد حمدي، ميرفت أمين، حسن حسني، وحيد سيف، نبيلة السيد، زهرة العلا. | ||
| 520 | _aيتناول فيلم (سواق الأتوبيس) موضوع التفكك الأسري، حيث السائق حسن (نور الشريف) الذي يعاني من سوء الحالة المادية، فيضطر للعمل على سيارة أجرة كعمل إضافي، خاصة مع ضغط زوجته (ميرفت أمين) التي ترفض تدني حالتهما المادية. وفي نفس الوقت يتولى حسن مشاكل أسرته بعد أن يعلن والده الحاج سلطان (عماد حمدي) إفلاسه، ولا يجد أحد من شقيقاته بجواره في تلك المحنة الصعبة، فيضطر إلى بيع سيارة الأجرة حتى يساعد والده، ويكافح بمرارة لتحقيق الشرف والأمانة والوطنية. | ||
| 538 | _aقرص مرئي (DVD) | ||
| 546 | _aالفيلم باللغة العربية العربية. | ||
| 586 | _aفاز الفيلم بعدة جوائز كان أهمها جائزة التمثيل الذهبية لنور الشريف في مهرجان نيودلهي السينمائي الدولي. | ||
| 650 | 0 |
_aالأفلام السينمائية _zمصر _y2000-2006. _2BUEsh |
|
| 650 | 0 |
_aالأفلام الدرامية. _2BUEsh |
|
| 653 |
_bGGEN _cNovember2016 |
||
| 655 | 0 |
_aﺩﺭاﻣﺎ. _2BUEsh |
|
| 700 | 1 |
_aطيب، عاطف، _eمخرج. |
|
| 700 | 1 |
_aخان، محمد، _eمؤلف. _915417 |
|
| 700 | 1 |
_aالديك، بشير، _eسيناريو وحوار، _eمؤلف. |
|
| 700 | 1 |
_aشيمي، سعيد، _eمدير التصوير. |
|
| 700 | 1 |
_aشكري، نادية، _eمونتاج. |
|
| 700 | 1 |
_aإمام، صبحي، _eالمنتج الفني. _913704 |
|
| 700 | 1 |
_aبكير، كمال، _eالموسيقى التصويرية. |
|
| 700 | 1 |
_aكامل، مجدي، _eمهندس الصوت. |
|
| 700 | 1 |
_aيسري، فتحي، _eمدير الإنتاج. |
|
| 700 | 1 |
_aشريف، نور، _eممثل. _914736 |
|
| 700 | 1 |
_aحمدي، عماد، _eممثل. |
|
| 700 | 1 |
_aأمين، ميرفت، _eممثل. _941121 |
|
| 700 | 1 |
_aحسني، حسن، _eممثل. _916402 |
|
| 700 | 1 |
_aسيف، وحيد، _eممثل. |
|
| 700 | 1 |
_aالسيد، نبيلة، _eممثل. |
|
| 700 | 1 |
_aالعلا، زهرة، _eممثل. |
|
| 710 | 2 |
_aهاديراما للإنتاج والتوزيع والأفلام، _eمنتج. |
|
| 942 |
_2ddc _cCDVDMOV |
||
| 999 |
_c23070 _d23042 |
||